000
00334nam a2200133Ia 4500
008
240624s9999 xx 000 0 und d
041
_a
eng
082
_a
006.312 MIT
100
_a
MITRA SUSHMITA
245
_a
DATA MINING MULTIMEDIA SOFTCOMPUTING AND
260
_c
2004
_a
Singapore
_b
John Wiley
300
_a
xviii, : 401
365
_c
RS
999
_c
1231
_d
1231